| 000 | 00484pam a2200193 a 4500 | ||
|---|---|---|---|
| 020 | _c60.00 (PB) | ||
| 041 |
_aeng _hNULL |
||
| 082 |
_a618.2 _bSAC |
||
| 100 | _aSACHDEVA, R . | ||
| 245 |
_aNOTES ON OBSTETRICS / _cNULL. _hTextual Documents |
||
| 250 |
_a4 / _b. |
||
| 260 |
_aNULL : _bJAYPEE BROTHERS MEDICAL PUB. , _c1995. |
||
| 300 |
_a372 : _bIX ; _cA4 . |
||
| 365 |
_a60.00 _e2 |
||
| 907 |
_a0926 _a0927 |
||
| 930 | _a178 | ||
| 999 |
_c794714 _d794714 |
||
| 650 | _aOBST.GYNE | ||